Skoki narciarskie - skoczkowie, którzy stanęli na podium 2023/24 - Statystyki

Ogólne statystyki
  • Ten quiz został rozwiązany 163 razy
  • Średni wynik to 17 z 21
Statystyki odpowiedzi
Ilość podium Skoczek % Poprawnych
20 Stefan Kraft
99%
15 Ryoyu Kobayashi
95%
3 Domen Prevc
94%
5 Peter Prevc
94%
2 Aleksander Zniszczoł
89%
11 Andreas Wellinger
89%
3 Anze Lanisek
86%
8 Jan Hoerl
86%
3 Johan Andre Forfang
86%
2 Karl Geiger
85%
3 Pius Paschke
83%
2 Daniel Tschofenig
81%
2 Timi Zajc
80%
2 Gregor Deschwanden
75%
4 Daniel Huber
74%
2 Marius Lindvik
74%
3 Lovro Kos
73%
1 Michael Hayboeck
65%
1 Philipp Raimund
65%
3 Kristoffer Eriksen Sundal
62%
1 Stephan Leyhe
53%
Nie znaleziono quizów pasujących do podanych kryteriów
Rozkład punktacji
Procent ludzi z każdym wynikiem
Percentyl według liczby udzielonych odpowiedzi
Twoja historia wyników
Nie rozwiązałeś tego quizu